Difficult Bob's Burgers Quiz - Statistics

General Stats
  • This quiz has been taken 225 times
  • The average score is 6 of 15
Answer Stats
Question Answer % Correct
Tina's favorite boy band Boyz4Now
80%
Band that opened for the Tatas at their high school reunion Bad Hair Day
78%
Linda's friend that we never see in the show Ginger
75%
Street Bob's Burgers is located on Ocean Avenue
72%
Wealthy island that can be reached by ferry King's Head Island
68%
Bartender at Jimmy Pesto's Trev
63%
Felix Fischoeder's girlfriend Fanny
43%
Candy that causes Dr. Yap to steal candy on Halloween Sticky Sugar Booms
32%
Brand of cat food Linda is addicted to eating Chef Cat
30%
Bob's baseball hero Torpedo Jones
27%
Towing company Bob calls when the family gets "stranded" in The Hauntening Tony, Toni Tow-Me
11%
Channel that Olsen Benner works for Channel 6 News
10%
Regular Sized Rudy's last name Stieblitz
10%
Type of keyboard Gene owns Casio SK-5
4%
Name of Gayle's black cat Jean Paw'd Van Damme
4%
No matching quizzes found
Score Distribution
Percent of People with Each Score
Percentile by Number Answered
Your Score History
You have not taken this quiz